000 00400nam a2200157Ia 4500
008 210716s2009 xx 000 0 und d
020 _a9788189638955
041 _aeng
082 _a610.28 BHUC
100 _aBhuvaneswari, C.
245 _aBiomedical instrumentation.
250 _a1
260 _aChennai
_bAnuradha Publications
_c2009
300 _a1.1-10.4, I3
650 _aBiomedical(610.28)
999 _c189683
_d189683